00426nam a2200133 450000500170000000800410001702000180005808200220007610000640009824500800016225000120024226000250025430000130027920241113113555.0241113b |||||||| |||| 00| 0 eng d a9789361590955 a658.4012 DAV;1 R  aDavid, Fred R. David, Forest R. David, Meredith E...[et a]. aStrategic management : concepts and cases, a competitive advantage approach a18th ed aNoidabPearsonc2025 axxx, 460